| Поле | Инд. | ПП | Название | Значение |
|---|---|---|---|---|
| Тип записи | a | |||
| Библиографический уровень | b | |||
| 001 | Контрольный номер | 25b4a5e2b7c94ec9a0d6439db5db3397 | ||
| 005 | Дата корректировки | 20200625105228.7 | ||
| 008 | Кодируемые данные | 20170331 | ||
| 040 | b | Код языка каталог. | rus | |
| e | Правила каталог. | PSBO | ||
| 041 | 0_ | a | Код языка текста | rus |
| 084 | a | Индекс другой классификации/Индекс ББК | 67.404.91(2Рос) | |
| 100 | 1_ | a | Автор | Сметанина Е. Е. |
| 245 | 10 | a | Заглавие | Социально значимые виды предпринимательской деятельности и социальное предпринимательство: соотношение понятий |
| 520 | 0_ | a | Аннотация | В настоящее время все более активно идет процесс привлечения негосударственных субъектов, в том числе субъектов предпринимательской деятельности, к решению публичных задач. В нормативно-правовых актах, регулирующих соответствующие виды деятельности и правовой статус таких субъектов, используются сходные по значению термины: социальное предпринимательство, социальные услуги, общественно полезные услуги, предоставление услуг в социальной сфере, социально значимые виды деятельности, социально ориентированные организации. В статье предпринята попытка правового анализа разграничения сфер применения указанных терминов, сделаны выводы о соотношении понятий «социально значимые виды предпринимательской деятельности» и «социальное предпринимательство» |
| 650 | 14 | a | Основная рубрика | право; предпринимательское право; гражданское право |
| 653 | 0_ | a | Ключевые слова | нормативно-правовые акты |
| a | Ключевые слова | общественно полезные услуги | ||
| a | Ключевые слова | правовое регулирование | ||
| a | Ключевые слова | правовой анализ | ||
| a | Ключевые слова | правовой статус | ||
| a | Ключевые слова | предпринимательская деятельность | ||
| a | Ключевые слова | предпринимательство | ||
| a | Ключевые слова | Россия | ||
| a | Ключевые слова | социально значимые виды предпринимательской деятельности | ||
| a | Ключевые слова | социально значимые услуги | ||
| a | Ключевые слова | социальное предпринимательство | ||
| a | Ключевые слова | социальные услуги | ||
| a | Ключевые слова | субъекты предпринимательской деятельности | ||
| a | Ключевые слова | услуги в социальной сфере | ||
| 773 | 08 | t | Заглавие источника | Российская юстиция |
| d | Дата издания источника | 2020 | ||
| g | Прочая информация | № 3. - С. 15 - 18 | ||
| w | Контрольный № источника | e7466aa06b2540358281e2135db0f8ff | ||
| 901 | t | Тип документа | b |